Chi Kung: gimnasia medica china
Enregistré dans:
| Auteur principal: | |
|---|---|
| Format: | Livre |
| Langue: | espagnol |
| Publié: |
Madrid
Cabal
1980
|
| Collection: | Colección Ying, Yang, Tao
|
| Sujets: | |
| Tags: |
Ajouter un tag
Pas de tags, Soyez le premier à ajouter un tag!
|
MARC
| LEADER | 00000nam a2200000 a 4500 | ||
|---|---|---|---|
| 001 | UCY9565 | ||
| 003 | CL-VaPUC | ||
| 008 | 950717e19800000SP |||||||||||||||||spa|d | ||
| 082 | 0 | 4 | |a 613.71 |b VAN |2 21 |
| 100 | 0 | |a Van Nghi, Nguyen |e author |9 341905 | |
| 245 | 1 | 0 | |a Chi Kung: gimnasia medica china |
| 300 | |a 111 p | ||
| 942 | |c BK | ||
| 945 | |d 19950717 00:00:00 |a cmena | ||
| 260 | |a Madrid |b Cabal |c 1980 | ||
| 650 | 7 | |a GIMNASIA |2 CL-VaPUC |9 307275 | |
| 650 | 0 | |a Terapia |9 334442 | |
| 650 | 7 | |a METODOS ACTIVOS |2 CL-VaPUC |9 341906 | |
| 650 | 7 | |a DEPORTE |2 CL-VaPUC |9 341907 | |
| 650 | 7 | |a EJERCICIO |2 CL-VaPUC |9 310040 | |
| 583 | |a last modification |c 19950717 00:00:00 |k Rodrigo Vera | ||
| 490 | 0 | |a Colección Ying, Yang, Tao | |
| 999 | |c 236642 |d 236640 | ||
| 952 | |0 0 |1 0 |4 0 |6 613_710000000000000_VAN_1980 |7 0 |8 P |9 244871 |a BIBEDU |b BIBEDU |c BIBEDU_PB |d 2019-11-18 |i 1535595 |o 613.71 VAN 1980 |p 1535595 |r 2024-01-25 |w 2019-11-18 |y BK |k EDU | ||